000 00487nam a22001817a 4500
999 _c532064
_d532064
003 NUST
005 20191107115836.0
008 191107b ||||| |||| 00| 0 eng d
020 _a9693517555
038 _aMSOHAIL
082 _a923.5 SHA
100 _aQUDRAT ULLAH SHAHAB
_99763
245 _aSHAHAB NAMMA
260 _aLAHORE
_bSANG-E-MEEL PUB
_c2013
300 _a840P
650 _aURDU ADAB-BIOGRAPHY-SHAHAB NAMA..AUTOBIOGRAPHY-.SHAHAB QUDRAT ULLAH.
_925361
942 _cBK
_2ddc